00387nam a2200109Ia 4500008004100000100002100041245005700062245002200119260000900141650001300150856011400163170221s9999 xx 000 0 und d aSoumita Banerjee aRole of a Project Manager in Managing Agile Projects cSoumita Banerjee* c2012 xBusiness uhttp://www.omicsgroup.org/journals/role-of-a-project-manager-in-managing-agile-projects-2167-0234-1000204.pdf